Phương pháp số cho phương trình vi phân ngẫu nhiên : Luận văn Thạc sĩ Toán học chuyên ngành Lý thuyết xác suất và thống kê toán học

Nội dung trình bày kiến thức về các quá trình ngẫu nhiên Ito, Ito-Lévy; Phương pháp xấp xỉ nghiệm của phương trình vi phân ngẫu nhiên; Một số mô hinhf của phương trình vi phân ngẫu nhiên như mô hình tăng trưởng dân số,......

Szczegółowa specyfikacja

Zapisane w:
Opis bibliograficzny
1. autor: Dương, Minh Thành
Format: Książka
Język:Undetermined
Wydane: Cần Thơ Trường Đại học Cần Thơ 2010
Hasła przedmiotowe:
Etykiety: Dodaj etykietę
Nie ma etykietki, Dołącz pierwszą etykiete!
Thư viện lưu trữ: Trung tâm Học liệu Trường Đại học Cần Thơ
LEADER 01301nam a2200229Ia 4500
001 CTU_162459
008 210402s9999 xx 000 0 und d
082 |a 519.2 
082 |b Th107 
088 |a 604615 
100 |a Dương, Minh Thành 
245 0 |a Phương pháp số cho phương trình vi phân ngẫu nhiên : 
245 0 |b Luận văn Thạc sĩ Toán học chuyên ngành Lý thuyết xác suất và thống kê toán học 
245 0 |c Dương Minh Thành ; Dương Tôn Đảm (Cán bộ hướng dẫn) 
260 |a Cần Thơ 
260 |b Trường Đại học Cần Thơ 
260 |c 2010 
520 |a Nội dung trình bày kiến thức về các quá trình ngẫu nhiên Ito, Ito-Lévy; Phương pháp xấp xỉ nghiệm của phương trình vi phân ngẫu nhiên; Một số mô hinhf của phương trình vi phân ngẫu nhiên như mô hình tăng trưởng dân số,... 
650 |a Xác suất,Probabilities,Stochastic differential equations,Phương trình vi phân ngẫu nhiên 
650 |x Thống kê toán học,Mathematical statistics 
904 |i Thảo, Hải 
980 |a Trung tâm Học liệu Trường Đại học Cần Thơ